000 00795nam a2200277Ia 4500
001 Z_3311
003 CHAP
008 220113s1993 xx 000 0 und d
010 _a166420
040 _cCHAP
090 _aFolleto 383
100 _aRubio Ceja, J Vidal
_9140502
245 _aManual técnico para inseminación artificial /
_cpor J Vidal Rubio Ceja y José Fernando de la Torre Sánchez
260 _aAcaponeta, Nay. :
_bCampo Experimental "El macho",
_c1993
300 _a27 p. ; ilus.
440 _aFolleto técnico no. 2
_9140503
500 _a
503 _a
650 _aInseminación artificial I. Torre Sánchez, José Fernando de la II. t.
_9140504
901 _aFolleto 383
902 _aA
910 _a1993
942 _cc14
942 _cc14
999 _c166420
_d166420